| 000 | 00475cam a2200193ua 4500 | ||
|---|---|---|---|
| 020 | _c2.50 | ||
| 041 |
_aeng _h |
||
| 082 |
_a574 _bANA/EL |
||
| 100 | _aAnantha Krishnan, T N . | ||
| 245 |
_aElements of general biology / _cT N Anantha Krishnan. _hTextual Documents |
||
| 250 |
_a1 / _b. |
||
| 260 |
_aMadras : _bCentral Art press , _c1958. |
||
| 300 | _a113 ; . | ||
| 365 | _a2.50 | ||
| 504 | _a | ||
| 700 | 1 | _aRao, K N . | |
| 942 | _cBK | ||
| 999 |
_c9613 _d9613 |
||